MTG Geography - Statistics

General Stats
  • This quiz has been taken 7 times
  • The average score is 12 of 15
Answer Stats
Hint Answer % Correct
Polis in the mountains of Theros filled with fierce warriors Akros
100%
Largest city on Kaladesh and center for many of their biggest innovations Ghirapur
100%
Ancient city of Ixalan controlled by the Sun Empire Orazca
100%
Tree made from a stolen seed of the World Tree to conquer the Multiverse Realmbreaker
100%
The areas beyond the five castles on Eldraine, home to fae and other magical creatures The Wilds
100%
The largest city of Innistrad and a bastion against the surrounding hordes Thraben
100%
Largest city on Kamigawa centered around Boseiju Towashi
100%
Realm for heroes in the otherwise bleak Theros underworld Illysia
75%
Largest continent on Dominaria Jamuraa
75%
Impassable space between planes and home of the Eldrazi The Blind Eternities
75%
The outermost layer of New Phyrexia The Monumental Facade
75%
Bastion on Ikoria that uses lava as a weapon against monsters Lavabrink
50%
City center of New Capenna Mezzio
50%
Land of the Elves on Kaldheim Skemfar
50%
Leonin capital on Theros Tethmos
50%
No matching quizzes found
Score Distribution
Percent of People with Each Score
Percentile by Number Answered
Your Score History
You have not taken this quiz